Movies Quiz

Random Movies or Disney Quiz

Disney Recycles Quiz Stats

 Plays Quiz Updated Apr 1, 2019

Score 0/16 Timer 05:00
0 Plays Today
% Correct
One Hundred and One Dalmatians & The Jungle Book
97.3%
Snow White and the Seven Dwarfs & Robin Hood
95.9%
The Jungle Book & The Sword in the Stone
95.7%
Sleeping Beauty & Beauty and the Beast
95.6%
The Aristocats & Robin Hood
94.4%
The Adventures of Ichabod and Mr. Toad & The Jungle Book
94%
Bambi & The Sword in the Stone
92.2%
One Hundred and One Dalmatians & The Aristocats
87.3%
% Correct
Robin Hood & The Jungle Book
79.5%
Sleeping Beauty & The Sword in the Stone
79.2%
Peter Pan & One Hundred and One Dalmatians
77.8%
One Hundred and One Dalmatians & The Sword in the Stone
75.5%
Cinderella & One Hundred and One Dalmatians
74%
The Princess and the Frog & The Sword in the Stone
65.6%
The Truth about Mother Goose & The Sword in the Stone
59.2%
Pinocchio & Alice in Wonderland
46.6%

You're not logged in!

Compare scores with friends on all Sporcle quizzes.
OR
Log In

Sporcle TV

Today on Sporcle TV


Watch our educational content, quiz creation guides, and fun videos on Sporcle TV.

Show Comments

Extras

Top Quizzes Today


Score Distribution

Your Account Isn't Verified!

In order to create a playlist on Sporcle, you need to verify the email address you used during registration. Go to your Sporcle Settings to finish the process.

Report this User

Report this user for behavior that violates our Community Guidelines.

Details: